Biggest sources of immigrants to Idaho - Statistics

General Stats
  • This quiz has been taken 28 times
  • The average score is 9 of 10
Answer Stats
Hint Answer % Correct
55,121 Mexico
100%
5,211 Canada
96%
3,178 United Kingdom
96%
2,250 China
91%
3,105 Germany
91%
1,561 India
91%
3,297 Philippines
87%
2313 Colombia
78%
1,751 Russia
74%
1,864 Korea
65%
No matching quizzes found
Score Distribution
Percent of People with Each Score
Percentile by Number Answered
Your Score History
You have not taken this quiz